01457cam a2200349 a 450000100100000000500170001000800410002702000150006804000250008308200170010824502190012524600820034426000590042630000280048550400420051365000590055565000610061465000760067570000330075170000230078470000170080770000210082470000310084570000300087670000290090670000320093570000230096770000360099070000230102670000290104970000290107800001451720200929163850.0020520s2001 cl a b 000 0 spa d a9803171828 aDO-SdBNPbspacBNPHU a304.28bE19i00aEcología de la información :bescenarios y actores para la participación ciudadana en asuntos ambientales /cEduardo Gudynas... [et al.]; editor ; Rodrigo Araya Dujisin ; edición al cuidado de Nora López.30aEscenarios y actores para la participación ciudadana en asuntos ambientales aCaracas, Venezuela :bEditorial Nueva Sociedad,c2001. a147 p. :bil. ;c23 cm. aIncluye referencias bibliográficas. 4aEcologíazAmérica LatinaxFuentes de información 4aEcologíazAmérica LatinaxServicios de información 4aPolítica medio ambientalzAmérica LatinaxParticipación ciudadana1 aAraya Dujisin, Rodrigo.eed.1 aLópez, Noraeed.1 aRyan, Daniel1 aSvirsky, Enrique1 aPignataron Otman, Gabriela1 aCastañares Maddox, Eric1 aRodríguez Aldabe, Yosu1 aTorres larrañaga, Valeria1 aGorfinkiel, Denise1 aGarcía Rodríguez, Francisco1 aGalperín, Carlos1 aDa Costa Ferreira, Leila1 aRojas Aravena, Francisco